| 000 | 00490nam a22001817a 4500 | ||
|---|---|---|---|
| 999 |
_c172289 _d172289 |
||
| 005 | 20200131110832.0 | ||
| 010 | _aB-24527 | ||
| 020 | _c100.00 | ||
| 035 | _aB-24527 | ||
| 037 | _bBPPD | ||
| 082 | _a939.49 | ||
| 245 | _aاسلامی تہزیب و ثقافت | ||
| 246 | _aIslami Tehzeeb-u-Saqafat | ||
| 260 |
_aPatna _bKhuda Baksh Oriental Public Library _c1999 ء |
||
| 270 |
_a- _b- _e- |
||
| 300 |
_a218p. _c22cm(pbk) |
||
| 942 |
_2ddc _cUR _h939.49 _mا س ل |
||